000 00615nam a2200229Ia 4500
003 OSt
005 20221007071810.0
006 a|||||r|||| 00| 0
007 ta
008 221006b |||||||| |||| 00| 0 eng d
024 _a11,088
037 _cTextual
040 _aFLL
_cFLL
_beng
041 _2eng
_aeng
082 _aV1lN19, G6
100 _aGibberd K. Au.
_9689452
245 0 _aLeague
_b its successes and failuers
260 _aLondon
_bJ.M. dent and sons ltd. London
_c1936
300 _a256p
_ccm.
942 _hV1lN19, G6
_cTEXL
_2CC
999 _c1144361
_d1144361